Atlas of sedimentary rocks under the microscope
Saved in:
| Hovedforfatter: | |
|---|---|
| Format: | Bog |
| Sprog: | engelsk |
| Udgivet: |
Harlow
Pearson Education Limited
2010
|
| Udgivelse: | 1a. ed |
| Fag: | |
| Tags: |
Tilføj Tag
Ingen Tags, Vær først til at tagge denne postø!
|
MARC
| LEADER | 00000cam a2200000 a 4500 | ||
|---|---|---|---|
| 001 | UCE3488 | ||
| 003 | CL-VaPUC | ||
| 008 | 140905e20100000uk |||||||||||||||||eng|d | ||
| 020 | |a 9780582301184 | ||
| 082 | 0 | 4 | |a 552.5 |b ADA |2 21 |
| 100 | 0 | |a Adams, A. E |e author |9 575995 | |
| 245 | 1 | 0 | |a Atlas of sedimentary rocks under the microscope |
| 250 | |a 1a. ed | ||
| 300 | |a 104 p | ||
| 942 | |c BK | ||
| 945 | |d 20140905 00:55:00 |a arojas | ||
| 260 | |a Harlow |b Pearson Education Limited |c 2010 | ||
| 650 | 0 | |a Rocas |9 266105 | |
| 650 | 7 | |a ROCAS SEDIMENTARIAS |2 CL-VaPUC |9 261673 | |
| 650 | 0 | |a Geología |9 260984 | |
| 583 | |a last modification |c 20140905 00:55:00 |k Rodrigo Vera | ||
| 999 | |c 356767 |d 356765 | ||
| 952 | |0 0 |1 0 |2 ddc |3 erb |4 0 |6 552_500000000000000_ADA_2010 |7 0 |8 A |9 464431 |a BIBING |b BIBING |c RES |i 5112311 |o 552.5 ADA 2010 |p 5112311 |r 2025-01-20 |w 2019-11-23 |y BK |z Catalogado en:20140905 |k EIQ | ||
| 952 | |0 0 |1 0 |2 ddc |3 erb |4 0 |6 552_500000000000000_ADA_2010 |7 0 |8 A |9 464432 |a BIBING |b BIBING |c RES |i 5160898 |o 552.5 ADA 2010 |p 5160898 |r 2025-01-20 |w 2019-11-23 |y BK |z Catalogado en:20150529 |k EIQ | ||
| 952 | |0 0 |1 0 |2 ddc |3 erb |4 0 |6 552_500000000000000_ADA_2010 |7 0 |8 A |9 464433 |a BIBING |b BIBING |c RES |i 5192218 |o 552.5 ADA 2010 |p 5192218 |r 2025-01-20 |w 2019-11-23 |y BK |z Catalogado en:20150731 |k EIQ | ||
| 952 | |0 0 |1 0 |2 ddc |3 erb |4 0 |6 552_500000000000000_ADA_2010 |7 0 |8 A |9 464434 |a BIBING |b BIBING |c RES |i 5192226 |o 552.5 ADA 2010 |p 5192226 |r 2025-01-20 |w 2019-11-23 |y BK |z Catalogado en:20150731 |k EIQ | ||